Origin Countries of Foreign Fighters in Iraq and Syria - Statistics

General Stats
  • This quiz has been taken 451 times
  • The average score is 7 of 10
Answer Stats
Rank Estimated Number of Fighters in Iraq and Syria Origin Country % Correct
2 2,500 Saudi Arabia
86%
5 2,100 Turkey
83%
3 2,400 Russia
81%
9 800 Egypt
78%
6 1,700 France
72%
8 900 Lebanon
70%
4 2,300 Jordan
68%
10 800 Germany
64%
1 6,500 Tunisia
57%
7 1,400 Morocco
50%
No matching quizzes found
Score Distribution
Percent of People with Each Score
Percentile by Number Answered
Your Score History
You have not taken this quiz